00991nam a2200301 i 4500003000900000005001700009007000300026008004100029040003000070082001400100100004000114245012500154264003600279300004500315336002700360337003300387338002800420590002700448650001000475650001000485650001000495700001000505710001000515910000700525942001400532952012600546999001700672DO-SdBNP20240613114842.0ta240613s1976 dr r 000 0 spa d aDO-SdBNPbspacBNPHUerda bR893a222 aRozas Aristy, Eduardo935398eautor13aApuntes sobre metodología del diseño arquitectónico /cEduardo Rozas Aristy ; prólogo Leopoldo Esperillat Namita 1aSanto Domingo :bTaller,c1976  a129 páginas :bilustraciones ;c23 cm. 2rdacontentatextobtxt 2rdamediaasin mediaciónbn 2rdacarrieravolumenbnc aInventariado, 2024/ DG 914357 985631 985632 985642 985633 aDG 2ddccLBS1 00102ddc51708PDaBNPHUbBNPHUcCTd2024-06-13edonaciónl0oBNPHU PD R893ap2024-3451r2024-06-13w2024-06-13yLBS1 c56845d56845